000 00853nam a2200265#a 4500
001 00068
003 HDC
007 ta
008 230623s2008 xx 000 0 eng d
020 _a9789673231409 (pbk.).
040 _aHDC
050 _aBP 173.6
_b.M63 2008
100 _aMohammad Hashim Kamali
245 0 _aCivilisational renewal :
_brevisiting the Islam hadhari approach : definition, significance, critism, recognition, support, tajdid and future directions /
_cMohammad Hashim Kamali ; foreword by Osman Bakar
264 _aShah Alam :
_bArah Pendidikan,
_c2008
300 _axii, 84p. :
_c 21cm
650 _aCivilization, Islamic
_zMalaysia
650 _aIslam and politics
_zMalaysia
650 _aIslam and state
_zMalaysia
700 _aOsman Bakar
942 _2lcc
942 _cBK
942 _kBP 173.6
942 _m.M63 2008
999 _c21715
_d21715